000 00778nam a22002417a 4500
999 _c3539
_d3539
003 AR-CdUCM
008 190306b ||||| |||| 00| 0 spa d
040 _aMUNICIPALIDAD PROVINCIAL DEL CUSCO
_cBIBLIOTECA MUNICIPAL DEL CUSCO
041 _heng
082 _a321.4 /
_bW21
100 _aWalzer, Michael
_911598
245 _aObediencia y Desobediencia Civil en una Democracia /
260 _aBuenos Aires :
_bEditora Distribuidora Argentina,
_c1976.
300 _a211 paginas ;
_c19cm.
505 _aContenido: La desobediencia -- La guerra -- La cicudadana
650 _aDemocracia
_92598
650 _aArgentina
_9511
650 _aLeyes
_94808
700 _aYujnovsky, Carlos Raul
_911599
700 _aMontenegro, Raúl
_911600
942 _2ddc
_cLIBROS
945 _apjha